Statistiken für Wortgemisch - Österreichische Städte

Klicken Sie hier um das Quiz zu spielen!

Allgemein

  • Dieses Quiz wurde 109 mal gespielt
  • Das Durchschnittsergebnis liegt bei 5 aus 10

Antwortstatistiken

City% Korrekt
Bregenz
100%
Graz
100%
Innsbruck
100%
Klosterneuburg
100%
Linz
100%
Wels
100%
Wien
100%
Krems
75%
Steyr
75%
Villach
71%
Schwaz
60%
Traun
60%
Dornbirn
57%
Mödling
57%
Telfs
56%
Klagenfurt
50%
Salzburg
50%
Tulln
44%
Wolfsberg
38%
Hallein
33%
Leonding
33%
Leoben
29%
Schwechat
25%
Saalfelden
14%
Amstetten
0%
Eisenstadt
0%
Feldkirch
0%
Feldkirchen
0%
Kapfenberg .
0%
Kufstein
0%
Lustenau
0%
Perchtoldsdorf
0%
Stockerau
0%
Ternitz
0%
Traiskirchen
0%

Verteilung der Resultate

Perzentil nach korrekt beantworteten Fragen

Anzahl Personen mit jedem Resultat

Ihre Resultats-Entwicklung

Sie haben dieses Quiz noch nicht gespielt